Countries of Oceania - Speed Test - Statistics

General Stats
  • This quiz has been taken 680 times
  • The average score is 6 of 14
Answers on the Map
Answers color-coded by a green-red scale on the quiz's map according to % correct below.
 
Answer Stats
Country % Correct
Australia
50%
Papua New Guinea
49%
New Zealand
48%
Palau
46%
Solomon Islands
45%
Fiji
44%
Nauru
44%
Kiribati
42%
Marshall Islands
41%
Vanuatu
41%
Samoa
40%
Fed. States of Micronesia
39%
Tuvalu
34%
Tonga
32%
No matching quizzes found
Score Distribution
Percent of People with Each Score
Percentile by Number Answered
Your Score History
You have not taken this quiz